000 00430nam a22001577a 4500
008 140121b xxu||||| |||| 00| 0 eng d
020 _a052131285X SFX
050 _aLB1050.S647 1985
100 _aSmith, Frank
_96732
245 _aReading
_c Frank Smith
250 _a2nd ed.
260 _aCambridge
_bCambridge University Press
_c1985
300 _axi; 179p.;
_c21cm.
650 _aReading
_96733
942 _2lcc
_cMONOGRAPH
999 _c119588
_d119588